Squadre che hanno subito più gol in Serie A - Statistics

Statistiche generali
  • Questo quiz è stato fatto 152 volte
    13 dall'ultimo reset
  • Il punteggio medio è 17 su 20
Statistiche sulle risposte
Gol subiti Squadra % Corretto
3224 Torino
100%
2861 Atalanta
92%
3249 Bologna
92%
3424 Fiorentina
92%
2769 Genoa
92%
2938 Juventus
92%
3493 Lazio
92%
3181 Milan
92%
3522 Roma
92%
2932 Sampdoria
92%
1514 Bari
83%
1565 Hellas Verona
83%
3231 Inter
83%
1535 Palermo
83%
1308 Parma
83%
2580 Udinese
83%
3000 Napoli
75%
1984 Cagliari
67%
1261 Vicenza
50%
1280 Triestina
33%
Nessun quiz corrispondente trovato
Distribuzione punteggi
Percentuale di utenti per punteggio
Percentile per numero di risposta
I tuoi punteggi nel tempo
Non hai fatto questo quiz dall'ultimo reset